Statistics for White Collar Quiz

Click here to take the quiz!

General Stats

  • This quiz has been taken 70 times
  • The average score is 10 of 15

Answer Stats

HintAnswer% Correct
What board game is played between Neil and his rival?Chess
96%
In the final episode, where does the show reveal Neil went after his faked death?Paris
91%
What is Peter's wife's name? (First name)Elizabeth
87%
In what type of transport does Kate die?Airplane
85%
Which family member of Neil's appears in the show?Dad
85%
Who is Neil's arch rival? (Second name only)Keller
77%
What is Peter's second name?Burke
72%
What type of teddy is Mozzie very close to?Bear
70%
Who is the redhead who Neil falls in love with? (First name)Sara
68%
What does Elizabeth use to smash the window to escape from her kidnapper?Ring
62%
What book does Neil use to block a bullet?Holy Bible
53%
Who is the dirty FBI/CIA/Internal affairs agent? (Last name)Fowler
45%
What is the criminals name in the first episode of the show? (First & second name)Curtis Hagen
38%
What is Mozzie's safeword?Breadbasket
21%
What does Neil have wrapped round his ankle?Ankle bracelet
2%

Score Distribution

Percentile by Number Answered

Percent of People with Each Score

Your Score History

You have not taken this quiz